Score 0/7 Timer 01:30
92 Plays Today
% Correct
The Godfather Part II
Yes 1974
86.1%
Kramer vs. Kramer
Yes 1979
83.7%
Rocky
Yes 1976
81.7%
Deer Hunter
Yes 1978
76.8%
Patton
Yes 1970
76.2%
Annie Hall
Yes 1977
63.4%
The Sting
Yes 1973
61.6%
Remove Ads.
Support Sporcle.
Get the best of Sporcle when you Go Orange. This ad-free experience offers more features, more stats, and more fun while also helping to support Sporcle. Thank you for becoming a member.

You're not logged in!

Compare scores with friends on all Sporcle quizzes.
OR
Log In

Sporcle TV

Today on Sporcle TV


Watch our educational content, quiz creation guides, and fun videos on Sporcle TV.

Show Comments

Extras

Top Quizzes Today


Score Distribution

Paid Content

Your Account Isn't Verified!

In order to create a playlist on Sporcle, you need to verify the email address you used during registration. Go to your Sporcle Settings to finish the process.

Report this User

Report this user for behavior that violates our Community Guidelines.

Details: